A study of quantity surveying in planning. Report by Professor D.J.O.Ferry (Record no. 89232)
[ view plain ]
| 000 -LEADER | |
|---|---|
| fixed length control field | 00678cam a2200217 4500 |
| 001 - CONTROL NUMBER | |
| control field | D16264 |
| 008 - FIXED-LENGTH DATA ELEMENTS--GENERAL INFORMATION | |
| fixed length control field | 090401t1981 xxu||||| |||| 00| 0 eng d |
| 035 ## - SYSTEM CONTROL NUMBER | |
| System control number | (Sirsi) u28300 |
| 041 ## - LANGUAGE CODE | |
| Language code of text/sound track or separate title | eng |
| 050 ## - LIBRARY OF CONGRESS CALL NUMBER | |
| Classification number | 692.5023 |
| 090 ## - LOCALLY ASSIGNED LC-TYPE CALL NUMBER (OCLC); LOCAL CALL NUMBER (RLIN) | |
| Classification number (OCLC) (R) ; Classification number, CALL (RLIN) (NR) | RICS 1981/40ABC |
| 110 ## - MAIN ENTRY--CORPORATE NAME | |
| Corporate name or jurisdiction name as entry element | Royal Institution of Chartered Surveyors |
| Subordinate unit | Quantity Surveyors' Division |
| 9 (RLIN) | 1263 |
| 245 #2 - TITLE STATEMENT | |
| Title | A study of quantity surveying in planning. Report by Professor D.J.O.Ferry |
| 260 ## - PUBLICATION, DISTRIBUTION, ETC. | |
| Name of publisher, distributor, etc. | RICS |
| Date of publication, distribution, etc. | 1981 |
| 300 ## - PHYSICAL DESCRIPTION | |
| Extent | 36p. 30cm |
| 350 ## - PRICE (NR) (BK AM CF MU VM SE) [OBSOLETE] | |
| Price | 2 |
| 520 ## - SUMMARY, ETC. | |
| Summary, etc. | Filed in box RICS 1981/40 ABC; Report dated July 1979; published 1981 |
| 710 ## - ADDED ENTRY--CORPORATE NAME | |
| Corporate name or jurisdiction name as entry element | Research and Development Committee |
| 9 (RLIN) | 1437 |
| 942 ## - ADDED ENTRY ELEMENTS (KOHA) | |
| Suppress in OPAC | 0 |
| 948 ## - LOCAL PROCESSING INFORMATION (OCLC); SERIES PART DESIGNATOR (RLIN) | |
| c (OCLC) | 04/03/1997 |
| Withdrawn status | Lost status | Source of classification or shelving scheme | Damaged status | Not for loan | Home library | Current library | Shelving location | Date acquired | Cost, normal purchase price | Total Checkouts | Full call number | Barcode | Date last seen | Copy number | Cost, replacement price | Price effective from | Koha item type |
|---|---|---|---|---|---|---|---|---|---|---|---|---|---|---|---|---|---|
| Dewey Decimal Classification | Historic collection | Historic collection | RICS Boxes | 22/08/1991 | 2.00 | RICS 1981/40 | 30027921 | 06/08/2019 | 1 | 2.00 | 06/08/2019 | Archive | |||||
| Dewey Decimal Classification | London | London | RICS Boxes | 09/08/1991 | 2.00 | RICS 1981/40 | 30005326 | 06/08/2019 | 1 | 2.00 | 06/08/2019 | Book | |||||
| Dewey Decimal Classification | London | London | RICS Boxes | 14/09/1999 | 2.00 | RICS 1981/40 | 30005330 | 06/08/2019 | 2 | 2.00 | 06/08/2019 | Reference material |